00882nam a2200229 i 4500001001000000003000900010005001700019007000300036008004100039040003000080082002700110100005200137245006800189264011100257300005500368336002700423337003300450338002800483500003900511600005200550651005000602000029833DO-SdBNP20240625134611.0ta110426s1955 dr c 000 0 spa d aDO-SdBNPbspacBNPHUerda 4a327.1097293bD542p2221 a Díaz Ordóñez, Virgiliod1895-1968eautor10aPolítica exterior de Trujillo /cEnrique de Marchena Dujarric aCiudad Trujillo, República Dominicana :bSecretaría de Estado de Relaciones Exteriores y Culto,c1955. a17 páginas :bilustraciones , retratos ;c23 cm. atextobtxt2rdacontent asin mediaciónbn2rdamedia avolumenbnc2rdacarrier aAño del benefactor de la Patria 14aTrujillo Molina, Rafael Leónidas,d1891-1961. 4aRepública DominicanaxRelaciones exteriores